[Event "AUTO-INT-1273"]
[Site "http://www.queenalice.com/game.php?id=572603"]
[Date "2009.4.15"]
[Round "1"]
[White "HENRIQUE_L_AUAD"]
[Black "fherbertoseabra"]
[Result "0-1"]
[WhiteElo "1355"]
[BlackElo "1944"]

1. d4 d5 2. Nc3 Nf6 3. e3 Bf5 4. Bd3 Bxd3 5. Qxd3 e6 6. f3 Bb4 7. a3 Bxc3+ 8.
Qxc3 Nc6 9. Ne2 Qd6 10. b4 O-O 11. Nf4 Rfe8 12. O-O Rad8 13. e4 dxe4 14. fxe4
Nxd4 15. Re1 e5 16. Ne2 Qb6 17. Be3 Nxe2+ 18. Rxe2 Qb5 19. Ree1 Nxe4 20. Qxc7
Rc8 21. Qa5 Qxa5 22. bxa5 a6 23. Bb6 Nf6 24. Rac1 e4 25. Bd4 Rc6 26. Re3 Nd5 27.
Rg3 g6 28. h4 e3 0-1

[Event "AUTO-INT-1273"]
[Site "http://www.queenalice.com/game.php?id=572604"]
[Date "2009.4.15"]
[Round "1"]
[White "fherbertoseabra"]
[Black "HENRIQUE_L_AUAD"]
[Result "1-0"]
[WhiteElo "1946"]
[BlackElo "1353"]

1. e4 e5 2. Nf3 Nc6 3. Bb5 f6 4. Nh4 g6 5. Bc4 Nge7 6. Nc3 d6 7. d3 a6 8. Nd5
Nxd5 9. Bxd5 Ne7 10. Bb3 g5 11. Nf5 Nxf5 12. exf5 Bxf5 13. Bd2 b6 14. O-O h5 15.
Qf3 Bg6 16. Bd5 Rb8 17. Bc6+ Ke7 18. Rfe1 h4 19. d4 Bxc2 20. d5 Kf7 21. Bxg5 Bg7
22. Rac1 Bg6 23. Rc4 h3 24. g3 Rh5 25. Be3 Rf5 26. Qg4 1-0

[Event "AUTO-INT-1273"]
[Site "http://www.queenalice.com/game.php?id=572609"]
[Date "2009.4.15"]
[Round "1"]
[White "Gamingo"]
[Black "fherbertoseabra"]
[Result "1-0"]
[WhiteElo "1829"]
[BlackElo "1774"]

1. e4 e5 2. Nf3 Nc6 3. d4 Nxd4 4. Nxd4 exd4 5. Qxd4 Be7 6. Qxg7 Bf6 7. Qg3 d6 8.
Bc4 Qe7 9. Nc3 c6 10. O-O b5 11. Be2 Bd7 12. Qd3 Bxc3 13. Qxc3 Nf6 14. Bf3 Rg8
15. Re1 O-O-O 16. Qa5 Bg4 17. Re3 Bxf3 18. Rxf3 Qxe4 19. Qc3 Nh5 20. Be3 Qxf3
21. g3 d5 22. Qxc6+ Kb8 23. Qxb5+ Kc7 24. Qc5+ Kd7 25. Qxa7+ Ke6 26. Qa6+ Kf5
27. Qd3+ Qe4 28. Qxe4+ dxe4 29. c4 Rc8 30. b3 Rgd8 31. c5 Rd7 32. Kg2 Nf6 33. b4
Nd5 34. Bd2 Rdc7 35. a3 Ra8 36. h4 h5 37. a4 Kg4 38. a5 Rb8 39. Rb1 Rxc5 40.
bxc5 Rxb1 41. c6 Nc7 42. Bf4 Rc1 43. Bxc7 Rxc6 44. Bb6 1-0

[Event "AUTO-INT-1273"]
[Site "http://www.queenalice.com/game.php?id=572610"]
[Date "2009.4.15"]
[Round "1"]
[White "fherbertoseabra"]
[Black "Gamingo"]
[Result "1-0"]
[WhiteElo "1921"]
[BlackElo "1540"]

1. e4 e5 2. Nf3 Nc6 3. Bb5 a6 4. Ba4 Nf6 5. Nc3 b5 6. Bb3 Bc5 7. d3 O-O 8. Bg5
d6 9. Nd5 Be6 10. Nxf6+ gxf6 11. Bd2 Kh8 12. Nh4 Rg8 13. O-O f5 14. Nxf5 Bxf5
15. exf5 Nd4 16. Bh6 Nxb3 17. axb3 Qh4 18. Qd2 Rg4 19. f6 Kg8 20. Rfe1 Bxf2+ 21.
Qxf2 Qxh6 22. Qf3 1-0

[Event "Challenge"]
[Site "http://www.queenalice.com/game.php?id=574090"]
[Date "2009.4.18"]
[Round "-"]
[White "fherbertoseabra"]
[Black "garca"]
[Result "0-1"]
[WhiteElo "1818"]
[BlackElo "1906"]

1. e4 e5 2. Nf3 d6 3. Nc3 Nc6 4. Bb5 Bd7 5. d4 exd4 6. Nxd4 Nxd4 7. Bxd7+ Qxd7
8. Qxd4 Nf6 9. Be3 Be7 10. Nd5 Nxd5 11. Qxg7 Bf6 12. Qg3 Nxe3 13. Qxe3 Qb5 14.
c3 Qxb2 0-1

[Event "Challenge"]
[Site "http://www.queenalice.com/game.php?id=576230"]
[Date "2009.4.23"]
[Round "-"]
[White "fherbertoseabra"]
[Black "Leandro_Amaral"]
[Result "0-1"]
[WhiteElo "1668"]
[BlackElo "1148"]

1. e4 e5 2. Nf3 Nc6 3. Bb5 a6 4. Ba4 b5 5. Bb3 d6 6. Bd5 Bb7 7. d4 f6 8. dxe5
fxe5 9. Nc3 Nf6 10. Bg5 Be7 11. Nh4 Nxd5 12. Qh5+ Kd7 13. Nxd5 Bxg5 14. Qf7+ Kc8
15. Nf5 Nd4 16. Nxd4 exd4 17. Qxg7 Rg8 18. Qxh7 c6 19. Nb6+ Kb8 20. Nxa8 Ka7 21.
Nc7 d3 22. cxd3 d5 23. Ne6 Qc8 24. Nc5 Kb6 25. Nxb7 Qxb7 26. Qxg8 Bf6 27. exd5
Bxb2 28. O-O cxd5 29. Qe6+ Ka5 30. Rab1 Ba3 31. h4 Qh7 32. Qe1+ Kb6 0-1

[Event "Challenge"]
[Site "http://www.queenalice.com/game.php?id=577772"]
[Date "2009.4.26"]
[Round "-"]
[White "fherbertoseabra"]
[Black "pablonet"]
[Result "1-0"]
[WhiteElo "1924"]
[BlackElo "1365"]

1. e4 e5 2. Nf3 Nc6 3. Bb5 a6 4. Ba4 Nf6 5. O-O d5 6. exd5 Nxd5 7. Nxe5 Qd6 8.
Bxc6+ bxc6 9. d4 Be6 10. Qf3 f6 11. Nc4 Qb4 12. Nbd2 Bd6 13. c3 Qb5 14. Nxd6+
cxd6 15. Ne4 Qb8 16. Qg3 O-O 17. c4 Ne7 18. Bh6 Nf5 19. Qg4 Bc8 20. Bd2 Ne3 21.
Qe2 Nxf1 22. Bf4 Rd8 23. Rxf1 Qa7 24. Bxd6 Qxd4 25. Rd1 Qa7 26. Qf3 Qf7 27. h3
f5 28. Ng5 Qxc4 29. Qh5 h6 30. b3 Qc3 31. Qf7+ Kh8 32. Qe7 Bd7 33. Be5 Rg8 34.
Bxc3 1-0

[Event "AUTO-ADV-1305"]
[Site "http://www.queenalice.com/game.php?id=577857"]
[Date "2009.4.26"]
[Round "1"]
[White "fherbertoseabra"]
[Black "Bernobr"]
[Result "0-1"]
[WhiteElo "1661"]
[BlackElo "1892"]

1. e4 c5 2. Nf3 Nc6 3. d4 cxd4 4. Nxd4 d6 5. Nxc6 bxc6 6. Bc4 Nf6 7. Qf3 Bd7 8.
Bg5 Qa5+ 9. Bd2 Qe5 10. Nc3 d5 11. Bd3 dxe4 12. Nxe4 Nxe4 13. Qxe4 Qxb2 0-1

[Event "AUTO-ADV-1305"]
[Site "http://www.queenalice.com/game.php?id=577858"]
[Date "2009.4.26"]
[Round "1"]
[White "Bernobr"]
[Black "fherbertoseabra"]
[Result "1-0"]
[WhiteElo "1885"]
[BlackElo "1668"]

1. e4 e5 2. Nc3 Bb4 3. g3 Nc6 4. Bg2 Nf6 5. Nge2 Bxc3 6. bxc3 d6 7. Rb1 Bg4 8.
h3 Bh5 9. Rxb7 Na5 10. Rb1 Nc4 11. d3 Nb6 12. c4 O-O 13. f4 exf4 14. Bxf4 1-0

[Event "AUTO-MASTER-790"]
[Site "http://www.queenalice.com/game.php?id=577914"]
[Date "2009.4.26"]
[Round "1"]
[White "fherbertoseabra"]
[Black "atbn"]
[Result "0-1"]
[WhiteElo "1639"]
[BlackElo "1907"]

1. e4 e5 2. Nf3 Nc6 3. Bb5 Bc5 4. O-O Nge7 5. Nc3 a6 6. Ba4 O-O 7. Re1 d6 8. Nd5
Nxd5 9. exd5 Nd4 10. Nxd4 Bxd4 11. d3 Qh4 12. Qf3 Bxb2 0-1

[Event "AUTO-MASTER-790"]
[Site "http://www.queenalice.com/game.php?id=577916"]
[Date "2009.4.26"]
[Round "1"]
[White "fherbertoseabra"]
[Black "arauca"]
[Result "0-1"]
[WhiteElo "1776"]
[BlackElo "2257"]

1. e4 e5 2. Nf3 Nc6 3. Bb5 f5 4. Bxc6 dxc6 5. Nxe5 Qd4 6. O-O Qxe5 7. exf5 Qxf5
8. d4 Be6 9. Nc3 Nf6 10. Re1 O-O-O 11. Be3 Bd6 0-1

[Event "AUTO-MASTER-790"]
[Site "http://www.queenalice.com/game.php?id=577917"]
[Date "2009.4.26"]
[Round "1"]
[White "arauca"]
[Black "fherbertoseabra"]
[Result "1-0"]
[WhiteElo "2252"]
[BlackElo "1886"]

1. e4 e5 2. Nf3 Nc6 3. d4 Nxd4 4. Nxd4 exd4 5. Qxd4 d6 6. Nc3 Nf6 7. Bc4 Be7 8.
f3 c5 9. Qd1 Qa5 10. Bg5 h6 11. Bf4 1-0